Básne

Podrobná bibliografia
Hlavný autor: Mihalkovič, Boris, 1961- (Autor)
Médium: Článok
Jazyk:slovenčina

MARC

LEADER 00000nab a2200000uu 4500
001 vtls011457591
003 SK-MaSNL
005 20260303201636.0
008 230313|2013 xo |||||||||||||||||slo|
015 |a SNBRB 
035 |a (urnnbn)urn:nbn:sk:snk:ar-a0a2ca 
035 |a (uuid)42332652-96ed-4c84-b8f8-0feafe88eda5 
035 |a urn:nbn:sk:snk-abcs5a 
040 |a SNKBUCL  |b slo  |c SNKBUCL  |e AACR2 
041 0 |a slo 
044 |a xo  |c SK 
100 1 |a Mihalkovič, Boris,  |d 1961-  |4 aut  |9 105458 
245 1 0 |a Básne  |c Boris Mihalkovič 
246 3 |a Dostredivý kotol 
246 3 |a Môj nebeský kôň 
246 3 |a Pohľadnica 
246 3 |a Ponovoročná siesta 
246 3 |a Slovo a bytie 
246 3 |a Spomienka na leto 
773 0 |t Romboid  |g Roč. 48, č. 2 (2013), s. 3-8 
958 |a OND 
958 |a EUIPO 
958 |a article16 
999 |c 2175192  |d 2177122